Cashew production in tboung khmum district, kampong cham province,(ផលិតកម្មស្វាយចន្ទីនៅស្រុកត្បូងឃ្មុុំ ខេត្តកំពង់ចាម) (Record no. 1085)

000 -LEADER
fixed length control field 00581nam a22001577a 4500
003 - CONTROL NUMBER IDENTIFIER
control field OSt
005 - DATE AND TIME OF LATEST TRANSACTION
control field 20150922155336.0
008 - FIXED-LENGTH DATA ELEMENTS--GENERAL INFORMATION
fixed length control field 150922b xxu||||| |||| 00| 0 eng d
040 ## - CATALOGING SOURCE
Transcribing agency RUA
082 ## - DEWEY DECIMAL CLASSIFICATION NUMBER
Classification number AGR OUK 2007 B035 Or.1
100 ## - MAIN ENTRY--PERSONAL NAME
9 (RLIN) 1135
Personal name OUK SOTHEA
245 ## - TITLE STATEMENT
Title Cashew production in tboung khmum district, kampong cham province,(ផលិតកម្មស្វាយចន្ទីនៅស្រុកត្បូងឃ្មុុំ ខេត្តកំពង់ចាម)
260 ## - PUBLICATION, DISTRIBUTION, ETC. (IMPRINT)
Place of publication, distribution, etc. phnom penh
Name of publisher, distributor, etc. RUA
Date of publication, distribution, etc. 2007
300 ## - PHYSICAL DESCRIPTION
Extent xiii,41p.
Dimensions ill.
Size of unit 29cm.
942 ## - ADDED ENTRY ELEMENTS (KOHA)
Source of classification or shelving scheme
Koha item type AGR
Holdings
Price effective from Date last seen Permanent Location Not for loan Date acquired Source of classification or shelving scheme Koha item type Lost status Withdrawn status Date last checked out Total Checkouts Shelving location Damaged status Barcode Current Location Full call number
2015-09-222026-03-02Library Block B 2015-09-22 AGR  2026-02-191B035 RUA002144Library Block BAGR OUK 2007 B035 Or.1
2018-12-242025-09-04Library Block B 2018-12-24 AGR  2025-08-082B1.194 A41787Library Block BAGR OUK 2007 B1.194 Or.1
2019-01-212025-01-10Library Block B 2019-01-21 AGR  2024-12-044B1.210 A41601Library Block BAGR OUK 2007 B1.210 Or.2
2019-01-212024-12-13Library Block B 2019-01-21 AGR  2024-12-062B1.210 A40080Library Block BAGR OUK 2007 B1.210 Or.3
មជ្ឈមណ្ឌលឯការនៃសាកលវិទ្យាល័យភូមិន្ទកសិកម្មចំការដូង

Powered by Koha